000 00841pam a2200241 i 4500
005 20200104041552.0
008 931018s1994 mauab rb 001 0 eng d
020 _a0865421447
040 _aDLC
_cDLC
_dCO-BoIAVH
041 _aeng
044 _axxu
082 0 0 _a639.9
_bC37w
100 1 _aCaughley, Graeme
245 1 0 _aWildlife ecology and management /
_cGraeme Caughley, Anthony R.E. Sinclair.
260 _aBoston :
_bBlackwell Scientific Publications,
_c1994.
300 _ax, 334 páginas :
_bilustraciones y mapas ;
_c26 cm.
504 _aIncluye referencias bibliográficas e índice.
650 1 4 _aGestión de la vida silvestre
650 2 4 _aConservación de la vida silvestre
650 2 4 _aEcología animal
700 1 _aSinclair, A. R. E.
_q(Anthony Ronald Entrican)
942 _2ddc
_cLIBRO
999 _c4764
_d4764